His Kingdom in Kenya. (Record no. 12788)

MARC details
000 -LEADER
fixed length control field 00523nam a22001932 4500
001 - CONTROL NUMBER
control field 0000003172
005 - DATE AND TIME OF LATEST TRANSACTION
control field 20151217155819.0
008 - FIXED-LENGTH DATA ELEMENTS--GENERAL INFORMATION
fixed length control field 070430s xx 000 0 eng d
040 ## - CATALOGING SOURCE
Original cataloging agency KABU
Transcribing agency KABU
050 #0 - LIBRARY OF CONGRESS CALL NUMBER
Classification number HN794
Item number .A34
100 1# - MAIN ENTRY--PERSONAL NAME
Personal name Adelphoi.
-- 0000152871
245 10 - TITLE STATEMENT
Title His Kingdom in Kenya.
260 ## - PUBLICATION, DISTRIBUTION, ETC. (IMPRINT)
Place of publication, distribution, etc. London :
Name of publisher, distributor, etc. Hodder & Stoughton,
Date of publication, distribution, etc. 1953.
300 ## - PHYSICAL DESCRIPTION
Extent 125 p.
651 #0 - SUBJECT ADDED ENTRY--GEOGRAPHIC NAME
Geographic name Kenya
General subdivision Social conditions.
-- 0000148721
908 ## - PUT COMMAND PARAMETER (RLIN)
Put command parameter 070430
950 ## - LOCAL HOLDINGS (RLIN)
-- 1
Holdings
Withdrawn status Lost status Source of classification or shelving scheme Not for loan Home library Current library Date acquired Total Checkouts Full call number Barcode Date last seen Price effective from Koha item type
    Library of Congress Classification   Kabarak, Main Campus Kabarak, Main Campus 17/12/2015   HN794 .A34 002811 17/12/2015 17/12/2015 Africana Collection
Designed with assistance from East African Informatics Ltd